Success in Office Practice (Record no. 13610)
[ view plain ]
| 000 -LEADER | |
|---|---|
| fixed length control field | 00382nam a22001577a 4500 |
| 003 - CONTROL NUMBER IDENTIFIER | |
| control field | mut |
| 005 - DATE AND TIME OF LATEST TRANSACTION | |
| control field | 20240606081254.0 |
| 008 - FIXED-LENGTH DATA ELEMENTS--GENERAL INFORMATION | |
| fixed length control field | 171017b xxu||||| |||| 00| 0 eng d |
| 020 ## - INTERNATIONAL STANDARD BOOK NUMBER | |
| International Standard Book Number | 0719539234 |
| 040 ## - CATALOGING SOURCE | |
| Transcribing agency | mut |
| 050 ## - LIBRARY OF CONGRESS CALL NUMBER | |
| Classification number | HF 5547.5 |
| Item number | .H33 1984 |
| 100 ## - MAIN ENTRY--PERSONAL NAME | |
| Personal name | Hackett, Penny |
| 245 ## - TITLE STATEMENT | |
| Title | Success in Office Practice |
| 260 ## - PUBLICATION, DISTRIBUTION, ETC. | |
| Place of publication, distribution, etc. | Hong Kong, |
| Name of publisher, distributor, etc. | John Murray, |
| Date of publication, distribution, etc. | 1984 |
| 942 ## - ADDED ENTRY ELEMENTS (KOHA) | |
| Source of classification or shelving scheme | Library of Congress Classification |
| Koha item type | Books |
| Withdrawn status | Lost status | Source of classification or shelving scheme | Damaged status | Not for loan | Home library | Current library | Shelving location | Date acquired | Total checkouts | Full call number | Barcode | Date last seen | Price effective from | Koha item type |
|---|---|---|---|---|---|---|---|---|---|---|---|---|---|---|
| Library of Congress Classification | Murang'a University of Technology Library | Murang'a University of Technology Library | General stacks | 17/10/2017 | HF 5547.5 .H33 1984 | 012121 | 30/08/2024 | 17/10/2017 | Books |